[Event "WA Class Championship - Master Section"]
[Site "Seattle"]
[Date "2007.11.23"]
[Round "1"]
[White "Davies, Lucas"]
[Black "Cheng, Bindi"]
[Result "1/2-1/2"]
[WhiteElo "2179"]
[BlackElo "2201"]
[PlyCount "40"]
[EventDate "2007.11.??"]
[Source "Drayton Harriso"]
[SourceDate "2007.12.23"]

1. e4 d5 2. exd5 Qxd5 3. Nc3 Qd6 4. Nf3 Nf6 5. Be2 a6 6. O-O b5 7. d4 Bb7 8. h3
Nbd7 9. a4 b4 10. Nb1 a5 11. Nbd2 Ba6 12. Nc4 Bxc4 13. Bxc4 e6 14. Bd3 Be7 15.
c4 c5 16. Bc2 O-O 17. b3 Rfd8 18. Bb2 Nf8 19. Qe2 cxd4 20. Nxd4 Qb6 1/2-1/2

[Event "WA Class Championship - Master Section"]
[Site "Seattle"]
[Date "2007.11.23"]
[Round "1"]
[White "Roper, David"]
[Black "Davies, Noam"]
[Result "1-0"]
[WhiteElo "2250"]
[BlackElo "2046"]
[Annotator "Harrison"]
[PlyCount "73"]
[EventDate "2007.11.??"]
[Source "Drayton Harriso"]
[SourceDate "2007.12.23"]

1. e4 c5 2. c3 e6 3. d4 d5 4. e5 Nc6 5. Nf3 Qb6 6. a3 c4 7. Be2 Bd7 8. O-O f6
9. exf6 Nxf6 10. Re1 Bd6 11. Nbd2 O-O 12. Bf1 e5 {
Diagram # Black's breakout in the center leads to a tactical slugfest.} 13.
Nxc4 $5 dxc4 14. dxe5 (14. Bxc4+ Kh8 15. dxe5 Ng4 {
transposes to the 14...Ng4 note below}) 14... Nxe5 (14... Ng4 $5 15. Be3 Nxe3
16. Rxe3 Bc5 17. Bxc4+ Kh8 18. Re2 Bg4 19. Bd5 (19. b4 Rad8 $17) 19... Rad8 20.
Qa4 $1 Bxf2+ $1 21. Rxf2 Nxe5 22. Qd4 Nxf3+ 23. gxf3 Qxd4 24. cxd4 Rxd5 25.
fxg4 Rxf2 26. Kxf2 Rxd4 $11) 15. Nxe5 Bxe5 16. Rxe5 Ng4 17. Be3 Qxb2 18. Bxc4+
Kh8 19. Rh5 (19. Rb1 Nxe3 20. fxe3 $14) 19... Rxf2 ({Not} 19... Nxe3 $4 20.
Rxh7+ Kxh7 21. Qh5#) 20. Bxf2 Qxf2+ 21. Kh1 Qe3 22. Ra2 Rf8 (22... Nf2+ $2 23.
Rxf2 Qxf2 24. Rxh7+ Kxh7 25. Qh5#) 23. h3 Nf6 (23... Qf4 $5 $11) 24. Rh4 Qxc3
25. Rf2 Bc6 $6 26. Qd4 (26. Qb1 $5) (26. Qd6 $5) 26... Qe1+ (26... Qg3 $11) 27.
Rf1 Qe7 $2 (27... Qg3) 28. Rhf4 $16 Rd8 $2 29. Qxa7 Qe5 30. Qf2 $6 h6 $2 (30...
Qc3 $16) 31. Qh4 Rd2 {Diagram #} 32. Rxf6 $1 Bxg2+ 33. Kg1 Qe3+ 34. R1f2 Rd1+
35. Kxg2 Rd4 36. Rxh6+ gxh6 37. Qf6+ 1-0

[Event "WA Class Championship - Master Section"]
[Site "Seattle"]
[Date "2007.11.23"]
[Round "1"]
[White "Pupols, Viktors"]
[Black "Lee, Michael"]
[Result "0-1"]
[WhiteElo "2219"]
[BlackElo "2262"]
[Annotator "Harrison"]
[PlyCount "98"]
[EventDate "2007.11.??"]
[Source "Drayton Harriso"]
[SourceDate "2007.12.23"]

1. d4 Nf6 2. Nf3 g6 3. Bf4 Bg7 4. e3 O-O 5. c3 d6 6. h3 Nbd7 7. Be2 Qe8 {
Black's opening plan against the London system is worth careful study.} 8. Qc2
({It appears that} 8. O-O {would have avoided some of white's later troubles.})
8... e5 9. dxe5 Nxe5 10. Nxe5 dxe5 11. Bh2 Bf5 12. Bd3 Bxd3 13. Qxd3 Qc6 14.
O-O Rad8 15. Qc2 Ne4 16. f3 Nc5 17. Nd2 Nd3 18. Nb3 Qb6 19. Kh1 (19. Qe2 $6 Bh6
) 19... Qxe3 20. Bg1 Qg5 21. a4 b6 22. a5 c5 23. axb6 axb6 24. Ra6 {Diagram #}
Bh6 {Black abandons his queenside in favor of his own attack, following C.J.S.
Purdy's maxim that your opponent's threat is not really a threat if you can
ignore it!  Black also had two sound alternatives:} (24... Rd6 $5 {, preparing
to double rooks on the d-file, would also have defended the black pawn on b6,
because} 25. Nxc5 $2 {fails to} Nxc5 26. Bxc5 Rd2) (24... b5 $5 {
(since it's hard for white to attack a moving target)} 25. Rb6 $6 c4 26. Nc1 {
Diagram # Now if black's knight wasn't on d3 then black could win with ...Rd2.
But how to get rid of theknight?} {
But with the white rook on b6 there is a better move:} e4 $3 {
decoying the f3 pawn so white can't block with f3-f4!} (26... Nxb2 $2 27. f4 $1
) (26... Ne1 $2 27. Qe2 (27. Rxe1 $2 Rd2 $19) 27... Rd2 28. Be3) (26... Nf4 27.
Be3 Rd5 {is OK, as Black is better. If the white rook were on a5 instead of b6,
then black would have to settle for this option.}) 27. fxe4 (27. f4 Qd5 $19) (
27. Qe2 Nxc1 $19) 27... Nxb2 $1 $19 {Black threatens ...Rd2} (27... Ne1 $2 28.
Qe2 Rd2 29. Rxb5 $132) 28. Rf2 (28. Qe2 Na4 $1 $19 {winning the c3-pawn} ({
but not} 28... Rd2 $2 29. Rxb5)) (28. Bd4 Bxd4 29. cxd4 Rxd4 30. Qxb2 Rd2 {
and white must give up the queen.}) 28... Nd1 29. Re2 Nxc3 $19 {
winning pawns and threatening ...Rd1. Black has an unstoppable attack.}) 25.
Rxb6 c4 26. Na5 Nf4 27. Nxc4 Nh5 28. Be3 $4 (28. Bh2 Ng3+ 29. Bxg3 Qxg3 30. Qf2
$14) ({or} 28. Bf2 {is the same}) 28... Ng3+ 29. Kg1 {Diagram #} ({
White can't avoid the coming sacrifice because of} 29. Kh2 Nxf1+) 29... Qxe3+
$3 {BOOM!} 30. Nxe3 Bxe3+ 31. Rf2 Bxb6 32. Kh2 Nf5 $1 {
The white rook is trapped so there is no need to take it now!} 33. Re2 (33. Rf1
Ne3) (33. Rd2 Ne3 34. Qc1 Rxd2 35. Qxd2 Nf1+) 33... Ne3 34. Qb3 Nf1+ 35. Kh1
Rb8 $1 (35... Ng3+ 36. Kh2 Nxe2 37. Qxb6 {
was also possible, but black prefers to keep his bishop instead of the knight.}
) 36. Qd1 ({If the rook moves, say} 36. Re1 {, then} Ng3+ 37. Kh2 Bg1+ 38. Rxg1
Rxb3 39. Kxg3 Rxb2) 36... Ng3+ 37. Kh2 Nxe2 38. Qxe2 Bc7 39. g3 Rb3 $1 {
simple chess. Black wins the b2-pawn} 40. h4 Rfb8 41. Kh3 Rxb2 42. Qc4 Bd6 43.
h5 Rb1 {going for mate} 44. Qd5 Bf8 45. Qxe5 R8b5 46. Qc7 Rxh5+ 47. Kg4 Re1 48.
f4 Re3 49. Qc4 Rc5 0-1

[Event "WA Class Championship - Master Section"]
[Site "Seattle"]
[Date "2007.11.23"]
[Round "1"]
[White "Collyer, Curt"]
[Black "MacGregor, Michael"]
[Result "1/2-1/2"]
[WhiteElo "2258"]
[BlackElo "2194"]
[PlyCount "79"]
[EventDate "2007.11.??"]
[Source "Drayton Harriso"]
[SourceDate "2007.12.23"]

1. d4 Nf6 2. c4 g6 3. Nc3 d5 4. Nf3 Bg7 5. Bg5 Ne4 6. cxd5 Nxc3 7. bxc3 Qxd5 8.
Qb3 Be6 9. Qxd5 Bxd5 10. e3 c5 11. Be2 Nc6 12. O-O cxd4 13. cxd4 O-O 14. Bb5 f6
15. Bh4 e5 16. dxe5 fxe5 17. e4 Bxe4 18. Bc4+ Kh8 19. Ng5 Bf6 20. Nxe4 Bxh4 21.
Rad1 Rad8 22. Nd6 Kg7 23. g3 Be7 24. Nxb7 Rd4 25. Bb5 Rxd1 26. Rxd1 Nd4 27. Bd3
Rc8 28. Kg2 Rc3 29. a4 Ra3 30. a5 Bb4 31. a6 Rb3 32. Be4 Rb2 33. Rc1 Kf6 34. h4
Bd2 35. Rb1 Rxb1 36. Bxb1 Bb4 37. h5 Ne6 38. hxg6 hxg6 39. Kf3 Nc5 40. Nxc5
1/2-1/2

[Event "WA Class Championship - Master Section"]
[Site "Seattle"]
[Date "2007.11.23"]
[Round "1"]
[White "Perez, Ignacio"]
[Black "Greninger, Harley"]
[Result "1-0"]
[WhiteElo "2273"]
[BlackElo "2247"]
[PlyCount "123"]
[EventDate "2007.11.??"]
[Source "Drayton Harriso"]
[SourceDate "2007.12.23"]

1. e4 e6 2. d4 d5 3. Nc3 Bb4 4. e5 c5 5. a3 Bxc3+ 6. bxc3 Qc7 7. Nf3 Bd7 8. a4
Ne7 9. Qd2 Nbc6 10. Ba3 c4 11. g3 Nf5 12. Bh3 h6 13. O-O g5 14. Rfb1 Nce7 15.
Ne1 Bc6 16. Ng2 O-O-O 17. a5 Rdg8 18. Ne3 h5 19. Bc5 a6 20. Rb6 g4 21. Bg2 Nxe3
22. Qxe3 Nf5 23. Qc1 h4 24. Qb2 hxg3 25. hxg3 Rh5 26. Qb4 Kd7 27. Rb1 Rc8 28.
Qa3 Ke8 29. Qc1 Qd8 30. Bf1 Kd7 31. Qf4 Qg5 32. Qxg5 Rxg5 33. Be2 Kc7 34. Kg2
Rh8 35. Ba3 Rg7 36. R6b4 Rhh7 37. Rf1 Rh8 38. Rc1 Rg6 39. Rbb1 Ba4 40. Ra1 Kc6
41. Bc5 Bb5 42. Rh1 Rxh1 43. Rxh1 Ba4 44. Bd1 f6 45. exf6 Rxf6 46. Rh7 Rg6 47.
Bb6 Rg7 48. Rxg7 Nxg7 49. Bxg4 Bxc2 50. Kf3 Nf5 51. Kf4 Nd6 52. Bxe6 Ne4 53.
Bf5 Bd3 54. Bxe4 Bxe4 55. f3 Bd3 56. Ke5 Be2 57. f4 Bf3 58. f5 Kd7 59. Kf4 Be4
60. g4 Ke7 61. g5 Bc2 62. g6 1-0

[Event "WA Class Championship - Master Section"]
[Site "Seattle"]
[Date "2007.11.23"]
[Round "1"]
[White "Sinanan, Josh"]
[Black "Graves, John"]
[Result "1-0"]
[WhiteElo "2180"]
[BlackElo "2254"]
[Annotator "Harrison"]
[PlyCount "153"]
[EventDate "2007.11.??"]
[Source "Drayton Harriso"]
[SourceDate "2007.12.23"]

1. Nf3 d5 2. d4 Nf6 3. c4 c6 4. Nc3 e6 5. e3 Nbd7 6. Qc2 Bd6 7. b3 O-O 8. Bd3
b6 9. O-O Bb7 10. Bb2 c5 11. cxd5 exd5 12. Rfd1 Qe7 13. Rac1 Ne4 14. dxc5 bxc5
15. Bxe4 dxe4 16. Qd2 exf3 17. Qxd6 Qxd6 18. Rxd6 Nf6 19. Na4 fxg2 20. Bxf6
gxf6 21. Nxc5 Rac8 22. Rc4 Ba8 23. b4 Rfd8 24. Rcd4 Rxd6 25. Rxd6 f5 26. Rd7 a5
27. bxa5 Bf3 28. Nb3 f4 29. Rd3 Re8 30. Nd4 Be4 31. Rd1 f3 32. h4 Re5 33. Kh2
Rxa5 34. Kg3 Ra6 35. h5 Ra5 36. Nxf3 Rxh5 37. Ng1 Ra5 38. Ra1 Ra3 39. f3 Bd5
40. Kf2 Rc3 41. a4 Rc2+ 42. Kg3 Kf8 43. a5 Rc3 44. Kf4 Ke7 45. a6 Rc2 46. e4
Ba8 47. Ke3 Kd7 48. Ne2 Kc7 49. Rg1 Bc6 50. Rxg2 Bb5 51. a7 Kb7 52. a8=Q+ Kxa8
53. Rg8+ Kb7 54. Nd4 Rc3+ 55. Kf4 Bc4 56. Rg7 Kc7 {Diagram #} 57. Rxf7+ Bxf7
58. Nb5+ Kd7 59. Nxc3 Ke6 60. Nb5 Kf6 61. Nd4 Bc4 62. e5+ Kg6 63. Kg4 h5+ 64.
Kh4 Bd5 65. f4 Be4 66. Kg3 Bb1 67. Nf3 Kf5 68. Nh4+ Ke6 69. Kf3 Kd5 70. Ke3 Bc2
71. Kd2 Be4 72. Kc3 Bh1 73. Kb4 Ke4 74. Kc5 Kxf4 75. e6 Kg5 76. e7 Kxh4 77.
e8=Q 1-0

[Event "WA Class Championship - Master Section"]
[Site "Seattle"]
[Date "2007.11.24"]
[Round "1"]
[White "Do, Nhon"]
[Black "Hadzic, Huso"]
[Result "1-0"]
[WhiteElo "2055"]
[BlackElo "2222"]
[PlyCount "103"]
[EventDate "2007.11.??"]
[Source "Drayton Harriso"]
[SourceDate "2007.12.23"]

{In the 2-day schedule, Nhon Do was the only expert, so he had the opportunity
to play masters. In round 4 he rejoined the expert section.} 1. Nf3 c5 2. c4
Nc6 3. g3 g6 4. Bg2 Bg7 5. O-O e6 6. e4 Nge7 7. Nc3 O-O 8. d3 d5 9. exd5 exd5
10. Bg5 d4 11. Ne4 f6 12. Bf4 b6 13. h4 Bg4 14. Qd2 Qd7 15. Rfe1 Rae8 16. Nh2
Bh3 17. Bh1 Ne5 18. Nxf6+ Bxf6 19. Bxe5 Bxe5 20. Rxe5 Nc6 21. Rxe8 Rxe8 22. a3
Qd6 23. Re1 Rxe1+ 24. Qxe1 Qe5 25. Qd2 Qe8 26. Bd5+ Kg7 27. f4 Nb8 28. Kf2 Nd7
29. Qe2 Qxe2+ 30. Kxe2 Nf6 31. Bf3 h5 32. Be4 Be6 33. b3 a6 34. Bc6 Bf5 35. Nf3
Bg4 36. Kf2 Bxf3 37. Kxf3 Kh6 38. b4 a5 39. bxc5 bxc5 40. Kg2 Ng4 41. Kf3 Ne3
42. Ba4 Kg7 43. Bd7 Kf6 44. g4 hxg4+ 45. Bxg4 Nc2 46. a4 Ne1+ 47. Ke4 Ng2 48.
h5 gxh5 49. Bxh5 Ne3 50. Be2 Ke6 51. Bf3 Kf6 52. Be2 ({Remaining moves not
recorded, or black may have resigned or lost on time here. One way to win is} 
52. Be2 Ke6 53. f5+ Kf6 (53... Nxf5 54. Bg4) 54. Bf3 Kg5 (54... Nxf5 55. Kd5)
55. Ke5 Nxf5 56. Kd5 $18) 1-0

[Event "WA Class Championship - Master Section"]
[Site "Seattle"]
[Date "2007.11.24"]
[Round "1"]
[White "Koons, Nat"]
[Black "Selzler, Ricky"]
[Result "1/2-1/2"]
[WhiteElo "2313"]
[BlackElo "2132"]
[PlyCount "65"]
[EventDate "2007.11.??"]
[Source "Drayton Harriso"]
[SourceDate "2007.12.23"]

1. d4 Nf6 2. c4 g6 3. Nc3 Bg7 4. e4 d6 5. Nf3 O-O 6. h3 e5 7. d5 a5 8. Bg5 Na6
9. g4 Qe8 10. Rg1 Nc5 11. Nd2 Kh8 12. Qf3 Ng8 13. Be3 f6 14. h4 Bh6 15. O-O-O
Bxe3 16. Qxe3 Qf7 17. f4 exf4 18. Qxf4 Bd7 19. Be2 Rae8 20. Rdf1 Qg7 21. Qe3
Re7 22. Rf2 Rfe8 23. Rgf1 a4 24. a3 f5 25. gxf5 gxf5 26. Bh5 Rd8 27. Kb1 Nf6
28. Bf3 fxe4 29. Be2 Ng4 30. Bxg4 Bxg4 31. Ka2 Bh5 32. Rf6 Bf3 33. Rf4 1/2-1/2

[Event "WA Class Championship - Master Section"]
[Site "Seattle"]
[Date "2007.11.23"]
[Round "2"]
[White "Lee, Michael"]
[Black "Sinanan, Josh"]
[Result "1/2-1/2"]
[WhiteElo "2262"]
[BlackElo "2180"]
[PlyCount "48"]
[EventDate "2007.11.??"]
[Source "Drayton Harriso"]
[SourceDate "2007.12.23"]

1. c4 c5 2. Nc3 Nc6 3. g3 g6 4. Bg2 Bg7 5. e4 e6 6. Nge2 Nge7 7. O-O O-O 8. a3
a5 9. Rb1 d6 10. d3 Rb8 11. Be3 Nd4 12. b4 axb4 13. axb4 Nec6 14. b5 Nxe2+ 15.
Nxe2 Nd4 16. Nxd4 Bxd4 17. Bxd4 cxd4 18. f4 e5 19. Qd2 f6 20. f5 g5 21. h4 gxh4
22. gxh4 Qe7 23. Kh2 Bd7 24. Bf3 Kh8 1/2-1/2

[Event "WA Class Championship - Master Section"]
[Site "Seattle"]
[Date "2007.11.23"]
[Round "2"]
[White "Greninger, Harley"]
[Black "Davies, Noam"]
[Result "0-1"]
[WhiteElo "2247"]
[BlackElo "2046"]
[Annotator "Harrison"]
[PlyCount "70"]
[EventDate "2007.11.??"]
[Source "Drayton Harriso"]
[SourceDate "2007.12.23"]

1. d4 Nf6 2. Nf3 g6 3. Nc3 d5 4. Bf4 Bg7 5. e3 O-O 6. Be2 c5 7. O-O Nc6 8. Ne5
cxd4 9. exd4 Nd7 10. Nxd5 Ndxe5 11. dxe5 Nxe5 12. Bg5 Nc6 13. c3 f6 14. Be3 e5
15. Bc5 Re8 16. Ne7+ Nxe7 17. Qxd8 Rxd8 18. Bxe7 Re8 19. Bc4+ Kh8 20. Ba3 Be6
21. Bxe6 Rxe6 22. Rad1 Bf8 23. Bxf8 Rxf8 24. Rd7 Rb6 25. b3 Rc8 26. Rfd1 $6 (
26. c4 $14) 26... Rxc3 27. h4 Rb4 28. Rd8+ $2 (28. Re7 {threatens R(d1)-d7, so}
Rd4 29. Rxd4 exd4 30. Rxb7 {and white can draw}) 28... Kg7 29. R1d7+ Kh6 30.
Rb8 Rc1+ 31. Kh2 Rxh4+ 32. Kg3 Kg5 33. f3 $2 (33. Rbxb7 $17) 33... Rc2 34. a4
$4 f5 35. f4+ exf4+ (35... exf4+ 36. Kf3 Rg4 {and ...Rg3 mates}) 0-1

[Event "WA Class Championship - Master Section"]
[Site "Seattle"]
[Date "2007.11.23"]
[Round "2"]
[White "Rupel, David"]
[Black "Collyer, Curt"]
[Result "1/2-1/2"]
[WhiteElo "2091"]
[BlackElo "2258"]
[PlyCount "46"]
[EventDate "2007.11.??"]
[Source "Drayton Harriso"]
[SourceDate "2007.12.23"]

1. d4 d5 2. Nf3 c6 3. g3 Bg4 4. Bg2 Nd7 5. O-O e6 6. Nbd2 Ngf6 7. c4 Bd6 8. b3
O-O 9. Bb2 Qe7 10. Ne5 Bh5 11. Ndf3 Rad8 12. Qc2 Rfe8 13. c5 Bb8 14. b4 Nf8 15.
Ne1 N6d7 16. N1d3 f6 17. Nxd7 Qxd7 18. f4 Bg6 19. Bh3 Qf7 20. Qd2 Nd7 21. Nf2
Qe7 22. Rfe1 e5 23. e3 Nf8 1/2-1/2

[Event "WA Class Championship - Master Section"]
[Site "Seattle"]
[Date "2007.11.23"]
[Round "2"]
[White "Graves, John"]
[Black "Pupols, Viktors"]
[Result "1-0"]
[WhiteElo "2254"]
[BlackElo "2219"]
[Annotator "Harrison"]
[PlyCount "39"]
[EventDate "2007.11.??"]
[Source "Drayton Harriso"]
[SourceDate "2007.12.23"]

1. d4 e6 2. Nf3 d5 3. c4 Nf6 4. Nc3 c5 5. cxd5 cxd4 6. Qa4+ Bd7 7. Qxd4 exd5 8.
Nxd5 Qa5+ 9. Nc3 Nc6 10. Qd1 O-O-O 11. Bd2 Qf5 $6 12. g3 Bd6 13. Bg2 h5 14. Qb3
Rde8 15. Nb5 Bc5 16. O-O h4 17. gxh4 Rxe2 18. Rac1 Kb8 $4 (18... Ne4 19. Be3
Bxe3 20. fxe3 Kb8 $13) 19. Qc4 Rxf2 20. Qf4+ 1-0

[Event "WA Class Championship - Master Section"]
[Site "Seattle"]
[Date "2007.11.23"]
[Round "2"]
[White "Wilson, Matthew"]
[Black "May, Andy"]
[Result "0-1"]
[WhiteElo "1894"]
[BlackElo "2104"]
[PlyCount "98"]
[EventDate "2007.11.??"]
[Source "Drayton Harriso"]
[SourceDate "2007.12.23"]

1. e4 c5 2. Nf3 Nc6 3. d4 cxd4 4. Nxd4 Qc7 5. Nc3 e6 6. Be2 a6 7. O-O Nf6 8.
Be3 Bb4 9. Na4 O-O 10. Nxc6 bxc6 11. Nb6 Rb8 12. Nxc8 Rfxc8 13. Bxa6 Rf8 14.
Bd3 Bd6 15. f4 e5 16. f5 Rxb2 17. g4 Qa5 18. g5 Bc5 19. Bxc5 Qxc5+ 20. Kh1 Ne8
21. f6 g6 22. Rf3 d5 23. Rh3 Nd6 24. Qe1 dxe4 25. Bxe4 Nxe4 26. Qxe4 Rxc2 27.
Re1 Qf2 28. Rd1 Re2 29. Qf3 Re1+ 30. Rxe1 Qxe1+ 31. Kg2 Qd2+ 32. Qf2 Qxg5+ 33.
Rg3 Qc1 34. Qe3 Qxe3 35. Rxe3 Ra8 36. Rxe5 Rxa2+ 37. Kf3 Ra8 38. Re7 Rc8 39.
Ke4 c5 40. Kd3 c4+ 41. Kc3 h6 42. Re4 Rc6 43. h4 Rxf6 44. Kxc4 Kg7 45. Kd3 Rd6+
46. Kc4 Kf6 47. Rf4+ Ke6 48. Kc5 Rd8 49. Kc4 f5 0-1

[Event "WA Class Championship - Master Section"]
[Site "Seattle"]
[Date "2007.11.23"]
[Round "2"]
[White "Roper, David"]
[Black "Perez, Ignacio"]
[Result "1-0"]
[WhiteElo "2250"]
[BlackElo "2273"]
[PlyCount "93"]
[EventDate "2007.11.??"]
[Source "Drayton Harriso"]
[SourceDate "2007.12.23"]

1. e4 d6 2. d4 g6 3. Nc3 Bg7 4. Be3 Nf6 5. f3 O-O 6. Qd2 Nc6 7. Nge2 Re8 8.
O-O-O b5 9. g4 b4 10. Nd5 Nxd5 11. exd5 Na5 12. Nf4 Rb8 13. h4 c6 14. h5 b3 15.
cxb3 Rxb3 16. Kb1 Rxe3 17. Qxe3 cxd5 18. hxg6 hxg6 19. Nxd5 Bb7 20. Nc3 Qb6 21.
Rh2 e5 22. g5 Rc8 23. Ne4 exd4 24. Qf4 Bxe4+ 25. Qxe4 Rb8 26. Bd3 Qc5 27. Rc2
Qxg5 28. f4 Qg4 29. Rf1 Nb7 30. Qc6 Qg3 31. Rd1 Qg4 32. Be2 Qe6 33. Qc7 Qe8 34.
Bc4 Nc5 35. Bxf7+ Qxf7 36. Qxb8+ Qf8 37. Qxf8+ Kxf8 38. b4 Na4 39. Rc8+ Kf7 40.
Rc7+ Kf8 41. Rxg7 Nc3+ 42. Kc2 Kxg7 43. Rxd4 Ne2 44. Rxd6 Nxf4 45. a4 g5 46. b5
g4 47. Rd4 1-0

[Event "WA Class Championship - Master Section"]
[Site "Seattle"]
[Date "2007.11.23"]
[Round "2"]
[White "Cheng, Bindi"]
[Black "Calpo, Benjamin"]
[Result "1-0"]
[WhiteElo "2201"]
[BlackElo "2082"]
[Annotator "Harrison"]
[PlyCount "120"]
[EventDate "2007.11.??"]
[Source "Drayton Harriso"]
[SourceDate "2007.12.23"]

1. Nf3 Nf6 2. c4 c5 3. Nc3 Nc6 4. e3 g6 5. d4 Bg7 $6 6. d5 $16 {
White gains space and a lead in development} Nb4 7. a3 Na6 8. e4 d6 9. h3 $1 {
Preventing ...Bg4 and ...Ng4.} O-O 10. Bd3 Nc7 11. O-O a6 (11... e6 {
was black's last chance for counterplay}) 12. Re1 {Threatening 13.e5} Nh5 (
12... b5 13. e5) 13. a4 {It took black at least 2 moves to prepare ...b5, but
white can stop it forever with only one move.} a5 14. g4 Nf6 15. Bf1 Ra6 16.
Bg5 Rb6 17. Nb5 h6 18. Bd2 Ra6 19. Qc1 h5 ({Better is} 19... Kh7 {which tries
to avoid creating any more weaknesses than black already has. Although since
black is without counterplay he can only sit and watch as white builds up
forces for the attack.}) 20. g5 Nd7 21. Bc3 e5 22. Qd2 Ne8 23. Nh4 Kh7 24. Bd3
Nb6 25. Kh2 Nd7 26. Rg1 Rh8 27. Raf1 Kg8 28. Rg3 Rh7 29. Kh1 Nf8 30. Re1 Bd7
31. f4 {Finally white is ready for this break} exf4 32. Qxf4 Bxc3 33. Nxc3 Rb6
34. Nb5 Rg7 35. Nf3 h4 $6 {The strain of passive defense was too much for
black  to tolerate. He succumbs to the temptation to "do something".} 36. Nxh4
Rh7 37. Kg2 Ng7 38. Be2 Bc8 39. Rf1 Qe7 40. Re3 Nd7 {Diagram #} 41. Nf5 $5 ({
By this stage everything wins.} 41. Na7 $1 {
overloads white's queen which cannot guard both the bishop and f7.}) 41... gxf5
42. exf5 Ne5 (42... Nh5 {fails to save black} {e.g.} 43. Bxh5) 43. f6 Qf8 44.
fxg7 Qxg7 45. Qf6 Qf8 46. Rf4 Bd7 47. Rfe4 Ra6 48. h4 Bxb5 49. axb5 Ra8 50. h5
Rg7 51. Rg3 Re8 52. Bg4 Nd7 53. Rxe8 Qxe8 54. Bxd7 Qe2+ 55. Qf2 Qxc4 56. Qf3
Qd4 57. Kh3 Qxb2 58. h6 Rh7 59. Qe3 Qe5 60. Qxe5 dxe5 1-0

[Event "WA Class Championship - Master Section"]
[Site "Seattle"]
[Date "2007.11.23"]
[Round "2"]
[White "MacGregor, Michael"]
[Black "Davies, Lucas"]
[Result "1/2-1/2"]
[WhiteElo "2194"]
[BlackElo "2179"]
[PlyCount "112"]
[EventDate "2007.11.??"]
[Source "Drayton Harriso"]
[SourceDate "2007.12.23"]

1. e4 c6 2. d4 d5 3. exd5 cxd5 4. Bd3 Nc6 5. c3 Nf6 6. Bf4 Bg4 7. Qb3 Qd7 8.
Nd2 e6 9. Ngf3 Bxf3 10. Nxf3 Bd6 11. Bg3 O-O 12. Qc2 Rfc8 13. Qe2 a6 14. Ne5
Qc7 15. O-O Rab8 16. f4 g6 17. Bh4 Ne8 18. Rae1 Ng7 19. g4 Re8 20. Kh1 b5 21.
Bf6 Ra8 22. Qg2 Be7 23. Bxg7 Kxg7 24. f5 Nxe5 25. Rxe5 Bf6 26. Re3 exf5 27.
Ref3 b4 28. gxf5 g5 29. Rg3 h6 30. Bc2 bxc3 31. bxc3 Qd6 32. Bb3 Re4 33. Bc2
Re7 34. Bd3 Rae8 35. Qf2 a5 36. h4 Rh8 37. Kg1 Kf8 38. hxg5 Bxg5 39. f6 Re6 40.
Rf3 h5 41. Kh1 Rh6 42. Bf5 Re8 43. Bd3 Re6 44. Qg2 Bxf6 45. Rg1 Rh8 46. Rg3 h4
47. Rf3 h3 48. Qf2 h2 49. Rf1 Rh6 50. Bf5 Bh4 51. Qd2 Ref6 52. Qd3 Rh5 53. Bg4
Rhh6 54. Rxf6 Rxf6 55. Rxf6 Bxf6 56. Qf3 Bd8 1/2-1/2

[Event "WA Class Championship - Master Section"]
[Site "Seattle"]
[Date "2007.11.24"]
[Round "2"]
[White "Hadzic, Huso"]
[Black "Koons, Nat"]
[Result "0-1"]
[WhiteElo "2222"]
[BlackElo "2313"]
[Annotator "Harrison"]
[PlyCount "106"]
[EventDate "2007.11.??"]
[Source "Drayton Harriso"]
[SourceDate "2007.12.23"]

1. e4 c5 2. Nf3 d6 3. d4 cxd4 4. Nxd4 Nf6 5. Nc3 a6 6. Bc4 e6 7. Bb3 b5 8. f3
Nbd7 9. Be3 Nc5 10. Qd2 Qc7 11. O-O-O Bd7 12. Kb1 b4 13. Nce2 a5 14. c3 a4 15.
Bc2 {Diagram #} b3 $1 16. axb3 axb3 17. Nxb3 Nxb3 18. Bxb3 Qb7 19. Nc1 Be7 20.
g4 Bc6 21. Rhe1 (21. g5 Nxe4) 21... O-O 22. Bd4 Rfb8 23. g5 Nd7 24. h4 Qa6 25.
Ba2 Rb5 26. c4 Rb7 27. Re3 e5 28. Bc3 Ba4 29. Rde1 Nc5 30. Bb4 Ne6 31. Ba3 Rab8
32. Rd3 Nd4 {Diagram #} 33. Rxd4 {forced} exd4 34. Qxd4 Qa5 (34... Bd1 $5 $13)
35. Re2 Bf8 36. Bxd6 ({Better is} 36. Qd2 Qa6 37. h5 Bd7 38. Re3 Be6 39. Rc3
Rc8 40. g6 Bxc4 41. Bxc4 Rxc4 42. Rxc4 Qxc4 $17 {
and white is barely surviving for now}) 36... Bxd6 37. Qxd6 Qc3 38. b3 (38. Bb3
Rxb3 39. Nxb3 Qxb3 40. Rd2 g6 $1 $19) 38... Bxb3 $19 39. Bxb3 Rxb3+ 40. Nxb3
Qxb3+ 41. Kc1 Qc3+ 42. Rc2 {Diagram #} Qe1+ $1 43. Qd1 Rb1+ $1 44. Kxb1 Qxd1+
45. Kb2 Qxf3 46. c5 Qxe4 47. c6 Qe5+ 48. Kb3 Qc7 49. Kb4 Kf8 50. Kb5 Ke7 51.
Re2+ Kd8 52. Re4 Qg3 53. Rd4+ Kc8 0-1

[Event "WA Class Championship - Master Section"]
[Site "Seattle"]
[Date "2007.11.24"]
[Round "2"]
[White "Selzler, Ricky"]
[Black "Do, Nhon"]
[Result "1/2-1/2"]
[WhiteElo "2132"]
[BlackElo "2055"]
[PlyCount "93"]
[EventDate "2007.11.??"]
[Source "Drayton Harriso"]
[SourceDate "2007.12.23"]

1. e4 d6 2. d4 Nf6 3. Nc3 g6 4. Be3 Bg7 5. Nf3 O-O 6. Be2 c6 7. Qd2 b5 8. Bd3
Bg4 9. a4 b4 10. Ne2 a5 11. h3 Bxf3 12. gxf3 Nbd7 13. h4 h5 14. Rg1 e5 15. f4
Ng4 16. O-O-O Qxh4 17. f5 Nxe3 18. Qxe3 exd4 19. Nxd4 Qf6 20. Bc4 Ne5 21. Ba2
c5 22. Nb5 Ng4 23. e5 dxe5 24. Rxg4 hxg4 25. Nc7 e4 26. c3 gxf5 27. Rh1 Rad8
28. Nd5 Rxd5 29. Bxd5 bxc3 30. bxc3 Rd8 31. Bc4 f4 32. Qe1 Qxc3+ 33. Qxc3 Bxc3
34. Rh4 Rd4 35. Rxg4+ Kf8 36. Bb5 e3 37. fxe3 fxe3 38. Rxd4 cxd4 39. Kd1 Kg7
40. Ke2 Kf6 41. Bc4 Ke5 42. Kf3 f5 43. Bd3 Bb4 44. Be2 f4 45. Bd3 Bd6 46. Bc4
Bc7 47. Bd3 {Remaining moves unavailable. Drawn on move 60.} 1/2-1/2